000 00280nam a2200097Ia 4500
082 _aJ 610.9 LIND
245 0 _aThe story of medicine : from papyri to pacemakers
100 _a Lindsay, Judy London, 2003
_985187
942 _cBK
008 210817s9999 xx 000 0 und d
999 _c317050
_d317049